Statistics for DENVER BRONCOS QUIZ

Click here to take the quiz!

General Stats

  • This quiz has been taken 144 times
  • The average score is 8 of 14

Answer Stats

Hint Answer % Correct
all time passing leader for broncos with 51,475 yardsjohn elway
92%
single season passing touchdown leader for broncos with 55peyton manning
90%
all time leader for broncos for rushing with 7,607 yardsterrell davis
83%
how many hall of famers do the Denver broncos have4.
67%
all time receiving leader for broncos with 11,389 yardsrod smith
63%
most winningest coach with a record of 138-86-0 and with 2 Super Bowl winsmike shanahan
43%
All tine scoring leader with 1,786jason elam
35%
all time Denver broncos sack leader with 97.5 sackssimon fletcher
5%
all time rushing touchdown leader with 60tercel davis
1%
all time leader for broncos for interceptions with 44steve foley
0%

Score Distribution

Percentile by Number Answered

Percent of People with Each Score

Your Score History

You have not taken this quiz